Soprannomi Calciatori SSC Napoli - Statistics

Statistiche generali
  • Questo quiz è stato fatto 149 volte
  • Il punteggio medio è 12 su 19
Statistiche sulle risposte
Hint Risposta % Corretto
Pipita Higuain
100%
Matador Cavani
96%
El pibe de oro Maradona
96%
Ciro Mertens
94%
Pocho Lavezzi
93%
Marechiaro Hamsik
90%
Il magnifico Insigne
88%
K2 Koulibaly
85%
Chucky Lozano
73%
Hugo Boss Campagnaro
60%
Superbike Maggio
50%
Kvaradona Kvaratskhelia
49%
Pandemonio Pandev
48%
Il lucchetto palermitano Aronica
41%
Pepp o' sicilian Mascara
37%
Pirata De Sanctis
33%
Mosca Tze tze Dzemaili
31%
Apocalypto Zuniga
26%
Il colosso di Lodi Dossena
20%
Nessun quiz corrispondente trovato
Distribuzione punteggi
Percentuale di utenti per punteggio
Percentile per numero di risposta
I tuoi punteggi nel tempo
Non hai fatto questo quiz